El misterio del león de piedra / (Registro nro. 11816)

Detalles MARC
000 -LEADER
fixed length control field 00795nam a22002657a 4500
001 - CONTROL NUMBER
control field 000646
003 - CONTROL NUMBER IDENTIFIER
control field DO-SdBNP
005 - DATE AND TIME OF LATEST TRANSACTION
control field 20180208145617.0
007 - PHYSICAL DESCRIPTION FIXED FIELD--GENERAL INFORMATION
fixed length control field 000646
008 - FIXED-LENGTH DATA ELEMENTS--GENERAL INFORMATION
fixed length control field 161107b 1997 sp a ||||| |||| 00| 0 spa d
020 ## - INTERNATIONAL STANDARD BOOK NUMBER
International Standard Book Number 8426314198
040 ## - CATALOGING SOURCE
Original cataloging agency BPMSU
Language of cataloging spa
Transcribing agency BPMSU
100 1# - MAIN ENTRY--PERSONAL NAME
Personal name Cabal, Ulises
245 10 - TITLE STATEMENT
Title El misterio del león de piedra /
Statement of responsibility, etc. Ulises Cabal ; ilustrado por Alfonso Sánchez Pardo.
250 ## - EDITION STATEMENT
Edition statement 13ª ed.
260 ## - PUBLICATION, DISTRIBUTION, ETC. (IMPRINT)
Place of publication, distribution, etc. Zaragoza, España :
Name of publisher, distributor, etc. Edelvives,
Date of publication, distribution, etc. 1997.
300 ## - PHYSICAL DESCRIPTION
Extent 91 p. :
Other physical details il. ;
Dimensions 18 cm.
490 1# - SERIES STATEMENT
Series statement Ala delta
Volume/sequential designation 38
500 ## - GENERAL NOTE
General note A partir de los 11 años
700 12 - ADDED ENTRY--PERSONAL NAME
Personal name Sánchez Pardo, Alfonso,
Dates associated with a name 1948-
830 #0 - SERIES ADDED ENTRY--UNIFORM TITLE
Uniform title Ala delta ;
Volume number/sequential designation 38
942 ## - ADDED ENTRY ELEMENTS (KOHA)
Source of classification or shelving scheme Dewey Decimal Classification
Koha item type Libros
945 ## - LOCAL PROCESSING INFORMATION (OCLC)
a Inventariado, 2018 /LP
956 ## - LOCAL ELECTRONIC LOCATION AND ACCESS (OCLC)
Host name LOPEREZ
Access method 10
Materials specified 20161107
Linkage BPMSU
Field link and sequence number 00041
Existencias
Withdrawn status Lost status Source of classification or shelving scheme Damaged status Not for loan Collection code Home library Current library Date acquired Source of acquisition Total Checkouts Barcode Date last seen Price effective from Koha item type
    Dewey Decimal Classification     Colección Infantil General Biblioteca Pública Metropolitana Salomé Ureña Biblioteca Pública Metropolitana Salomé Ureña 11/07/2016 FUNDI   BPMSU16110134 11/07/2016 11/07/2016 Libros